000 00518nam a2200145Ia 4500
008 151213s9999 xx 000 0 und d
100 _aমাও: মো: আ: আজিজ।
245 _aমোযেযায়ে আম্বিয়া।
_cমাও: মো: আ: আজিজ।
260 _aঢাকা
_bমীনা বুক হাউস।
_c2004
300 _a10979 p.
650 _aBangla
650 _aইসলামী বই
700 _aমাও: মো: আ: আজিজ।
999 _c4951
_d4951